| 000 | 00474nam a22001697a 4500 | ||
|---|---|---|---|
| 999 |
_c140463 _d140463 |
||
| 005 | 20230317150029.0 | ||
| 010 | _aENG-118232 | ||
| 020 |
_a9788182903913 _c395.00 |
||
| 035 | _aEN-101764 | ||
| 037 | _bDBAD/PUB | ||
| 082 | _a881 | ||
| 100 | _aGhosh, Mandira | ||
| 245 |
_aBenares the sacred city : _cBy Mandira Ghosh _bIn verses and hymns / |
||
| 260 |
_aGurgaon _bShubhi Publications _c2016 |
||
| 300 |
_a65p. _c23cm.(Hb) |
||
| 942 |
_2ddc _cEN _h881 _mGHO |
||